[Event "April 9 Early 2024"]
[Site "Chess.com"]
[Date "2024.04.09"]
[Round "11"]
[White "Ljukin, Sergei"]
[Black "Seletsky, Grigory"]
[Result "0-1"]
[Board "129"]
[WhiteFideId "14102200"]
[BlackFideId "14112191"]
[WhiteTitle "FM"]
[BlackTitle "FM"]
[WhiteElo "2383"]
[BlackElo "2508"]
[WhiteTeam "UKR"]
[BlackTeam "UKR"]
[WhiteClock "0:00:00"]
[BlackClock "0:00:43"]
[Variant "Standard"]

1. e4 {[%clk 0:03:00]}  c6 {[%clk 0:02:55]} 2. d4 {[%clk 0:02:58]}  d5 {[%clk 0:02:54]} 3. e5 {[%clk 0:02:59]}  Bf5 {[%clk 0:02:52]} 4. Nd2 {[%clk 0:02:57]}  e6 {[%clk 0:02:51]} 5. Nb3 {[%clk 0:02:56]}  Nd7 {[%clk 0:02:51]} 6. Nf3 {[%clk 0:02:56]}  h6 {[%clk 0:02:50]} 7. Be2 {[%clk 0:02:56]}  a6 {[%clk 0:02:48]} 8. O-O {[%clk 0:02:55]}  c5 {[%clk 0:02:47]} 9. dxc5 {[%clk 0:02:54]}  Nxc5 {[%clk 0:02:48]} 10. Be3 {[%clk 0:02:52]}  Nxb3 {[%clk 0:02:45]} 11. axb3 {[%clk 0:02:51]}  Ne7 {[%clk 0:02:45]} 12. b4 {[%clk 0:02:50]}  Nc6 {[%clk 0:02:44]} 13. b5 {[%clk 0:02:44]}  axb5 {[%clk 0:02:44]} 14. Bxb5 {[%clk 0:02:44]}  Bg4 {[%clk 0:02:39]} 15. Rxa8 {[%clk 0:02:15]}  Qxa8 {[%clk 0:02:36]} 16. h3 {[%clk 0:02:16]}  Bxf3 {[%clk 0:02:25]} 17. Qxf3 {[%clk 0:02:15]}  Be7 {[%clk 0:02:25]} 18. Qg3 {[%clk 0:02:12]}  g6 {[%clk 0:02:25]} 19. b3 {[%clk 0:01:37]}  Qa5 {[%clk 0:02:20]} 20. Bd3 {[%clk 0:01:36]}  d4 {[%clk 0:02:14]} 21. Bc1 {[%clk 0:01:21]}  Qxe5 {[%clk 0:02:13]} 22. Qf3 {[%clk 0:01:13]}  h5 {[%clk 0:01:47]} 23. Be4 {[%clk 0:01:04]}  Qc5 {[%clk 0:01:45]} 24. Bb2 {[%clk 0:01:02]}  O-O {[%clk 0:01:42]} 25. Rd1 {[%clk 0:00:56]}  Rd8 {[%clk 0:01:42]} 26. Qg3 {[%clk 0:00:50]}  Bf8 {[%clk 0:01:39]} 27. Qc7 {[%clk 0:00:43]}  Rd6 {[%clk 0:01:00]} 28. Qxb7 {[%clk 0:00:34]}  Nb4 {[%clk 0:00:55]} 29. Ba3 {[%clk 0:00:22]}  Rb6 {[%clk 0:00:51]} 30. Qa8 {[%clk 0:00:00]}  e5 {[%clk 0:00:43]} 0-1

[Event "April 9 Early 2024"]
[Site "Chess.com"]
[Date "2024.04.09"]
[Round "11"]
[White "Filippova, Margarita"]
[Black "Womacka, Mathias"]
[Result "0-1"]
[Board "135"]
[WhiteFideId "34199680"]
[BlackFideId "4611390"]
[WhiteTitle "WFM"]
[BlackTitle "GM"]
[WhiteElo "2347"]
[BlackElo "2469"]
[WhiteTeam "RUS"]
[BlackTeam "GER"]
[WhiteClock "0:01:13"]
[BlackClock "0:00:59"]
[Variant "Standard"]

1. e4 {[%clk 0:03:00]}  c5 {[%clk 0:02:57]} 2. Nf3 {[%clk 0:02:55]}  d6 {[%clk 0:02:57]} 3. d4 {[%clk 0:02:54]}  cxd4 {[%clk 0:02:58]} 4. Qxd4 {[%clk 0:02:55]}  Nc6 {[%clk 0:02:57]} 5. Bb5 {[%clk 0:02:44]}  Bd7 {[%clk 0:02:57]} 6. Bxc6 {[%clk 0:02:40]}  Bxc6 {[%clk 0:02:58]} 7. Nc3 {[%clk 0:02:40]}  Nf6 {[%clk 0:02:58]} 8. Bg5 {[%clk 0:02:41]}  e6 {[%clk 0:02:58]} 9. O-O-O {[%clk 0:02:39]}  Be7 {[%clk 0:02:58]} 10. Qd3 {[%clk 0:02:39]}  Qa5 {[%clk 0:02:53]} 11. Kb1 {[%clk 0:02:35]}  O-O {[%clk 0:02:36]} 12. h4 {[%clk 0:02:33]}  Rfc8 {[%clk 0:02:26]} 13. Nd4 {[%clk 0:02:33]}  Be8 {[%clk 0:02:25]} 14. f4 {[%clk 0:02:33]}  h6 {[%clk 0:02:04]} 15. g4 {[%clk 0:02:30]}  b5 {[%clk 0:02:00]} 16. f5 {[%clk 0:02:28]}  b4 {[%clk 0:01:57]} 17. Nce2 {[%clk 0:02:27]}  e5 {[%clk 0:01:54]} 18. Nb3 {[%clk 0:02:26]}  Qb5 {[%clk 0:01:42]} 19. Bxf6 {[%clk 0:02:18]}  Bxf6 {[%clk 0:01:38]} 20. g5 {[%clk 0:02:17]}  Qxd3 {[%clk 0:01:35]} 21. Rxd3 {[%clk 0:02:16]}  hxg5 {[%clk 0:01:35]} 22. hxg5 {[%clk 0:02:17]}  Bxg5 {[%clk 0:01:35]} 23. Rxd6 {[%clk 0:02:16]}  Rd8 {[%clk 0:01:23]} 24. Rhd1 {[%clk 0:02:11]}  Rxd6 {[%clk 0:01:11]} 25. Rxd6 {[%clk 0:02:12]}  Rd8 {[%clk 0:01:11]} 26. Rxd8 {[%clk 0:02:12]}  Bxd8 {[%clk 0:01:12]} 27. c4 {[%clk 0:02:09]}  Bc6 {[%clk 0:01:01]} 28. Nd2 {[%clk 0:01:37]}  Bg5 {[%clk 0:01:00]} 29. Nf3 {[%clk 0:01:13]}  Bxe4+ {[%clk 0:00:59]} 0-1

[Event "April 9 Early 2024"]
[Site "Chess.com"]
[Date "2024.04.10"]
[Round "11"]
[White "Zheenbekov, Nurgazy"]
[Black "Tang, Benjamin"]
[Result "0-1"]
[Board "140"]
[WhiteFideId "13800485"]
[BlackFideId "30964342"]
[BlackTitle "FM"]
[WhiteElo "2444"]
[BlackElo "2305"]
[WhiteTeam "KGZ"]
[BlackTeam "USA"]
[WhiteClock "0:00:00"]
[BlackClock "0:00:53"]
[Variant "Standard"]

1. Nf3 {[%clk 0:03:00]}  Nf6 {[%clk 0:03:00]} 2. g3 {[%clk 0:03:00]}  g6 {[%clk 0:02:59]} 3. Bg2 {[%clk 0:03:00]}  Bg7 {[%clk 0:03:00]} 4. O-O {[%clk 0:03:00]}  c5 {[%clk 0:03:00]} 5. d3 {[%clk 0:03:00]}  d5 {[%clk 0:03:00]} 6. Nbd2 {[%clk 0:02:55]}  O-O {[%clk 0:03:00]} 7. e4 {[%clk 0:02:53]}  Nc6 {[%clk 0:03:00]} 8. h3 {[%clk 0:02:46]}  e5 {[%clk 0:02:59]} 9. exd5 {[%clk 0:02:45]}  Nxd5 {[%clk 0:02:58]} 10. Re1 {[%clk 0:02:44]}  Re8 {[%clk 0:02:56]} 11. c3 {[%clk 0:02:34]}  Be6 {[%clk 0:02:49]} 12. a4 {[%clk 0:02:31]}  Qc7 {[%clk 0:02:48]} 13. Nc4 {[%clk 0:02:29]}  Rad8 {[%clk 0:02:48]} 14. Qc2 {[%clk 0:02:18]}  Ndb4 {[%clk 0:02:35]} 15. cxb4 {[%clk 0:02:10]}  Nxb4 {[%clk 0:02:35]} 16. Qb1 {[%clk 0:01:33]}  Nxd3 {[%clk 0:02:31]} 17. Ne3 {[%clk 0:01:30]}  Nxe1 {[%clk 0:02:24]} 18. Nxe1 {[%clk 0:01:29]}  c4 {[%clk 0:02:11]} 19. Qc2 {[%clk 0:01:20]}  b6 {[%clk 0:02:02]} 20. Bd2 {[%clk 0:01:17]}  Qc5 {[%clk 0:01:58]} 21. Bc3 {[%clk 0:01:16]}  f5 {[%clk 0:01:55]} 22. Rd1 {[%clk 0:01:08]}  f4 {[%clk 0:01:44]} 23. gxf4 {[%clk 0:00:55]}  exf4 {[%clk 0:01:44]} 24. Ng4 {[%clk 0:00:43]}  Bxg4 {[%clk 0:01:27]} 25. Rxd8 {[%clk 0:00:31]}  Rxd8 {[%clk 0:01:22]} 26. hxg4 {[%clk 0:00:31]}  Qd6 {[%clk 0:01:13]} 27. Bxg7 {[%clk 0:00:26]}  Kxg7 {[%clk 0:01:13]} 28. Qxc4 {[%clk 0:00:25]}  Qd1 {[%clk 0:01:13]} 29. Qc3+ {[%clk 0:00:23]}  Kg8 {[%clk 0:01:09]} 30. Bf1 {[%clk 0:00:20]}  Qxg4+ {[%clk 0:01:07]} 31. Ng2 {[%clk 0:00:17]}  h6 {[%clk 0:00:56]} 32. Bc4+ {[%clk 0:00:15]}  Kh7 {[%clk 0:00:56]} 33. Bb3 {[%clk 0:00:11]}  f3 {[%clk 0:00:53]} 34. Qc7+ {[%clk 0:00:00]}  Rd7 {[%clk 0:00:53]} 0-1

[Event "April 9 Early 2024"]
[Site "Chess.com"]
[Date "2024.04.09"]
[Round "11"]
[White "Baladjaev, Gara"]
[Black "Krivenko, Dion"]
[Result "0-1"]
[Board "141"]
[WhiteFideId "13401785"]
[BlackFideId "4508378"]
[WhiteTitle "FM"]
[BlackTitle "CM"]
[WhiteElo "2235"]
[BlackElo "2437"]
[WhiteTeam "AZE"]
[BlackTeam "EST"]
[WhiteClock "0:00:00"]
[BlackClock "0:02:27"]
[Variant "Standard"]

1. d4 {[%clk 0:02:42]}  d5 {[%clk 0:02:59]} 2. c4 {[%clk 0:02:41]}  c6 {[%clk 0:02:58]} 3. Nf3 {[%clk 0:02:41]}  Nf6 {[%clk 0:02:58]} 4. g3 {[%clk 0:02:42]}  e6 {[%clk 0:02:58]} 5. Bg2 {[%clk 0:02:43]}  Ne4 {[%clk 0:02:59]} 6. O-O {[%clk 0:02:43]}  f5 {[%clk 0:02:58]} 7. Nc3 {[%clk 0:02:40]}  Bd6 {[%clk 0:02:57]} 8. Qc2 {[%clk 0:02:37]}  O-O {[%clk 0:02:57]} 9. Bf4 {[%clk 0:02:38]}  Bxf4 {[%clk 0:02:54]} 10. gxf4 {[%clk 0:02:38]}  Rf6 {[%clk 0:02:53]} 11. e3 {[%clk 0:02:32]}  Bd7 {[%clk 0:02:51]} 12. Kh1 {[%clk 0:02:25]}  Be8 {[%clk 0:02:51]} 13. Ne5 {[%clk 0:02:19]}  Nd7 {[%clk 0:02:44]} 14. Bxe4 {[%clk 0:02:18]}  fxe4 {[%clk 0:02:43]} 15. Rg1 {[%clk 0:02:18]}  Nxe5 {[%clk 0:02:42]} 16. dxe5 {[%clk 0:02:16]}  Rh6 {[%clk 0:02:42]} 17. Rg2 {[%clk 0:02:14]}  Bh5 {[%clk 0:02:42]} 18. Rg5 {[%clk 0:01:59]}  Bf3+ {[%clk 0:02:37]} 19. Kg1 {[%clk 0:01:56]}  Rg6 {[%clk 0:02:36]} 20. Rxg6 {[%clk 0:01:47]}  hxg6 {[%clk 0:02:37]} 21. Kf1 {[%clk 0:00:12]}  Qh4 {[%clk 0:02:36]} 22. Ke1 {[%clk 0:00:12]}  Qxh2 {[%clk 0:02:35]} 23. Nd1 {[%clk 0:00:06]}  dxc4 {[%clk 0:02:28]} 24. Qxc4 {[%clk 0:00:00]}  Qg1+ {[%clk 0:02:27]} 0-1

[Event "April 9 Early 2024"]
[Site "Chess.com"]
[Date "2024.04.09"]
[Round "11"]
[White "Shevchuk, Olexandr"]
[Black "Ivanov, Aleksandr"]
[Result "1-0"]
[Board "142"]
[WhiteFideId "14113775"]
[BlackFideId "2092980"]
[WhiteElo "2435"]
[BlackElo "2222"]
[WhiteTeam "UKR"]
[BlackTeam "USA"]
[WhiteClock "0:00:24"]
[BlackClock "0:00:00"]
[Variant "Standard"]

1. d4 {[%clk 0:03:00]}  d5 {[%clk 0:02:59]} 2. c4 {[%clk 0:03:00]}  e6 {[%clk 0:02:59]} 3. Nf3 {[%clk 0:03:00]}  c6 {[%clk 0:02:58]} 4. g3 {[%clk 0:03:00]}  dxc4 {[%clk 0:02:57]} 5. Bg2 {[%clk 0:03:01]}  b5 {[%clk 0:02:57]} 6. O-O {[%clk 0:03:00]}  Bb7 {[%clk 0:02:57]} 7. b3 {[%clk 0:03:00]}  cxb3 {[%clk 0:02:53]} 8. Qxb3 {[%clk 0:02:57]}  Nf6 {[%clk 0:02:41]} 9. a4 {[%clk 0:02:54]}  b4 {[%clk 0:02:40]} 10. a5 {[%clk 0:02:53]}  c5 {[%clk 0:02:34]} 11. Rd1 {[%clk 0:02:48]}  Nbd7 {[%clk 0:02:16]} 12. Bb2 {[%clk 0:02:30]}  Bd5 {[%clk 0:02:07]} 13. Qa4 {[%clk 0:02:25]}  c4 {[%clk 0:02:01]} 14. Ne5 {[%clk 0:02:22]}  Rc8 {[%clk 0:01:50]} 15. Bxd5 {[%clk 0:01:45]}  exd5 {[%clk 0:01:44]} 16. Nc6 {[%clk 0:01:45]}  Rxc6 {[%clk 0:01:22]} 17. Qxc6 {[%clk 0:01:44]}  Be7 {[%clk 0:01:10]} 18. Bc1 {[%clk 0:01:40]}  O-O {[%clk 0:01:08]} 19. Bg5 {[%clk 0:01:39]}  h6 {[%clk 0:01:06]} 20. Bxf6 {[%clk 0:01:38]}  Nxf6 {[%clk 0:01:04]} 21. Nd2 {[%clk 0:01:34]}  Qb8 {[%clk 0:00:54]} 22. Rab1 {[%clk 0:01:31]}  Rc8 {[%clk 0:00:53]} 23. Qa6 {[%clk 0:01:25]}  c3 {[%clk 0:00:45]} 24. Rdc1 {[%clk 0:01:25]}  Rc7 {[%clk 0:00:24]} 25. Nb3 {[%clk 0:00:55]}  Ne4 {[%clk 0:00:20]} 26. f3 {[%clk 0:00:48]}  Nd2 {[%clk 0:00:19]} 27. Nxd2 {[%clk 0:00:39]}  cxd2 {[%clk 0:00:19]} 28. Rd1 {[%clk 0:00:40]}  Rc2 {[%clk 0:00:16]} 29. Qd3 {[%clk 0:00:40]}  Qc7 {[%clk 0:00:15]} 30. Rxd2 {[%clk 0:00:37]}  Rc1+ {[%clk 0:00:12]} 31. Rd1 {[%clk 0:00:38]}  Rc2 {[%clk 0:00:12]} 32. Rd2 {[%clk 0:00:33]}  Rc1+ {[%clk 0:00:12]} 33. Rxc1 {[%clk 0:00:27]}  Qxc1+ {[%clk 0:00:11]} 34. Kg2 {[%clk 0:00:28]}  Qc3 {[%clk 0:00:05]} 35. Qxc3 {[%clk 0:00:23]}  bxc3 {[%clk 0:00:05]} 36. Ra2 {[%clk 0:00:24]}  Bb4 {[%clk 0:00:03]} 37. e3 {[%clk 0:00:24]}  Kf8 {[%clk 0:00:03]} 38. Kf2 {[%clk 0:00:25]}  Ke7 {[%clk 0:00:03]} 39. Ke2 {[%clk 0:00:25]}  Kd6 {[%clk 0:00:04]} 40. Kd3 {[%clk 0:00:26]}  Kc6 {[%clk 0:00:04]} 41. e4 {[%clk 0:00:25]}  Kb5 {[%clk 0:00:03]} 42. a6 {[%clk 0:00:25]}  Ba5 {[%clk 0:00:02]} 43. exd5 {[%clk 0:00:24]}  Kxa6 {[%clk 0:00:02]} 44. d6 {[%clk 0:00:24]}  Kb5 {[%clk 0:00:00]} 45. Rxa5+ {[%clk 0:00:24]} 1-0

[Event "April 9 Early 2024"]
[Site "Chess.com"]
[Date "2024.04.09"]
[Round "11"]
[White "Shyam Gandhi"]
[Black "Kleibel, Uwe"]
[Result "0-1"]
[Board "143"]
[WhiteFideId "2052008"]
[BlackFideId "1270982"]
[BlackTitle "FM"]
[WhiteElo "2204"]
[BlackElo "2430"]
[WhiteTeam "USA"]
[BlackTeam "GER"]
[WhiteClock "0:00:05"]
[BlackClock "0:01:03"]
[Variant "Standard"]

1. d4 {[%clk 0:03:00]}  Nf6 {[%clk 0:02:58]} 2. Nc3 {[%clk 0:02:59]}  c5 {[%clk 0:02:57]} 3. d5 {[%clk 0:02:55]}  g6 {[%clk 0:02:57]} 4. e4 {[%clk 0:02:52]}  d6 {[%clk 0:02:56]} 5. f4 {[%clk 0:02:46]}  Bg7 {[%clk 0:02:56]} 6. Nf3 {[%clk 0:02:46]}  O-O {[%clk 0:02:57]} 7. h3 {[%clk 0:02:43]}  a6 {[%clk 0:02:53]} 8. e5 {[%clk 0:02:42]}  Nfd7 {[%clk 0:02:44]} 9. Qe2 {[%clk 0:02:26]}  b5 {[%clk 0:02:42]} 10. a3 {[%clk 0:02:16]}  Bb7 {[%clk 0:02:40]} 11. Bd2 {[%clk 0:01:35]}  Nb6 {[%clk 0:02:29]} 12. O-O-O {[%clk 0:01:25]}  N8d7 {[%clk 0:02:18]} 13. g4 {[%clk 0:01:18]}  Nxd5 {[%clk 0:02:16]} 14. Nxd5 {[%clk 0:01:17]}  Bxd5 {[%clk 0:02:17]} 15. Bc3 {[%clk 0:01:18]}  e6 {[%clk 0:02:13]} 16. f5 {[%clk 0:01:17]}  Nxe5 {[%clk 0:02:05]} 17. Nxe5 {[%clk 0:01:13]}  Bxh1 {[%clk 0:02:00]} 18. fxg6 {[%clk 0:01:04]}  hxg6 {[%clk 0:01:58]} 19. h4 {[%clk 0:00:52]}  Qxh4 {[%clk 0:01:45]} 20. Nxf7 {[%clk 0:00:33]}  Rxf7 {[%clk 0:01:40]} 21. Qxe6 {[%clk 0:00:33]}  Bxc3 {[%clk 0:01:36]} 22. bxc3 {[%clk 0:00:32]}  Qg5+ {[%clk 0:01:35]} 23. Kb2 {[%clk 0:00:32]}  Qf6 {[%clk 0:01:33]} 24. Qe3 {[%clk 0:00:25]}  b4 {[%clk 0:01:33]} 25. axb4 {[%clk 0:00:24]}  cxb4 {[%clk 0:01:32]} 26. Bd3 {[%clk 0:00:22]}  bxc3+ {[%clk 0:01:24]} 27. Kc1 {[%clk 0:00:21]}  Qf4 {[%clk 0:01:22]} 28. Qxf4 {[%clk 0:00:18]}  Rxf4 {[%clk 0:01:23]} 29. Rxh1 {[%clk 0:00:18]}  Kg7 {[%clk 0:01:22]} 30. Re1 {[%clk 0:00:16]}  a5 {[%clk 0:01:15]} 31. Re6 {[%clk 0:00:16]}  Rf6 {[%clk 0:01:15]} 32. Re7+ {[%clk 0:00:16]}  Kh6 {[%clk 0:01:15]} 33. Rc7 {[%clk 0:00:16]}  a4 {[%clk 0:01:15]} 34. Rxc3 {[%clk 0:00:16]}  a3 {[%clk 0:01:15]} 35. Kb1 {[%clk 0:00:13]}  Kg5 {[%clk 0:01:13]} 36. Ka2 {[%clk 0:00:13]}  Kxg4 {[%clk 0:01:11]} 37. Rc4+ {[%clk 0:00:13]}  Kh3 {[%clk 0:01:08]} 38. Rc7 {[%clk 0:00:12]}  g5 {[%clk 0:01:06]} 39. Rg7 {[%clk 0:00:11]}  Ra5 {[%clk 0:01:03]} 40. Rh7+ {[%clk 0:00:05]}  Kg3 {[%clk 0:01:03]} 0-1

[Event "April 9 Early 2024"]
[Site "Chess.com"]
[Date "2024.04.09"]
[Round "11"]
[White "Korol, Dimitry"]
[Black "Le Goff, Ronan"]
[Result "1-0"]
[Board "144"]
[WhiteFideId "14108003"]
[BlackFideId "612073"]
[BlackTitle "FM"]
[WhiteElo "2317"]
[BlackElo "2495"]
[WhiteTeam "UKR"]
[BlackTeam "FRA"]
[WhiteClock "0:00:14"]
[BlackClock "0:02:08"]
[Variant "Standard"]

1. d4 {[%clk 0:03:00]}  Nf6 {[%clk 0:02:59]} 2. c4 {[%clk 0:03:01]}  e6 {[%clk 0:03:00]} 3. Nc3 {[%clk 0:03:01]}  Bb4 {[%clk 0:02:59]} 4. Qc2 {[%clk 0:03:01]}  O-O {[%clk 0:02:59]} 5. e4 {[%clk 0:03:01]}  d5 {[%clk 0:02:58]} 6. cxd5 {[%clk 0:03:02]}  exd5 {[%clk 0:02:58]} 7. e5 {[%clk 0:03:03]}  Ne4 {[%clk 0:02:59]} 8. Bd3 {[%clk 0:03:03]}  c5 {[%clk 0:02:59]} 9. Ne2 {[%clk 0:03:04]}  cxd4 {[%clk 0:02:57]} 10. Nxd4 {[%clk 0:03:05]}  Nc6 {[%clk 0:02:56]} 11. Nxc6 {[%clk 0:03:03]}  bxc6 {[%clk 0:02:56]} 12. O-O {[%clk 0:03:03]}  Bxc3 {[%clk 0:02:56]} 13. bxc3 {[%clk 0:03:02]}  Bf5 {[%clk 0:02:56]} 14. Be3 {[%clk 0:02:16]}  Re8 {[%clk 0:02:53]} 15. f3 {[%clk 0:02:11]}  Rxe5 {[%clk 0:02:41]} 16. Bd4 {[%clk 0:01:31]}  Re6 {[%clk 0:02:38]} 17. fxe4 {[%clk 0:01:31]}  Bxe4 {[%clk 0:02:37]} 18. Bxe4 {[%clk 0:01:27]}  Rxe4 {[%clk 0:02:38]} 19. Qf2 {[%clk 0:01:16]}  Qd7 {[%clk 0:02:29]} 20. Rae1 {[%clk 0:01:13]}  Rae8 {[%clk 0:02:27]} 21. Rxe4 {[%clk 0:01:09]}  Rxe4 {[%clk 0:02:28]} 22. Bxa7 {[%clk 0:01:05]}  h5 {[%clk 0:02:28]} 23. Bd4 {[%clk 0:01:00]}  h4 {[%clk 0:02:28]} 24. h3 {[%clk 0:01:01]}  Qe6 {[%clk 0:02:28]} 25. a4 {[%clk 0:00:56]}  Re2 {[%clk 0:02:27]} 26. Qxh4 {[%clk 0:00:49]}  Qg6 {[%clk 0:02:25]} 27. Qg4 {[%clk 0:00:42]}  Qxg4 {[%clk 0:02:20]} 28. hxg4 {[%clk 0:00:42]}  Ra2 {[%clk 0:02:20]} 29. Rb1 {[%clk 0:00:27]}  Rxa4 {[%clk 0:02:20]} 30. Rb6 {[%clk 0:00:21]}  Rc4 {[%clk 0:02:19]} 31. Rb4 {[%clk 0:00:21]}  Rxb4 {[%clk 0:02:10]} 32. cxb4 {[%clk 0:00:22]}  f6 {[%clk 0:02:10]} 33. Kf2 {[%clk 0:00:21]}  Kf7 {[%clk 0:02:11]} 34. Kf3 {[%clk 0:00:18]}  Ke6 {[%clk 0:02:11]} 35. Kf4 {[%clk 0:00:18]}  g6 {[%clk 0:02:10]} 36. g5 {[%clk 0:00:17]}  f5 {[%clk 0:02:11]} 37. g4 {[%clk 0:00:15]}  fxg4 {[%clk 0:02:10]} 38. Kxg4 {[%clk 0:00:16]}  Kd6 {[%clk 0:02:10]} 39. Kf4 {[%clk 0:00:16]}  Ke6 {[%clk 0:02:11]} 40. Bc5 {[%clk 0:00:16]}  Kf7 {[%clk 0:02:10]} 41. Ke5 {[%clk 0:00:16]}  Kg7 {[%clk 0:02:11]} 42. Ke6 {[%clk 0:00:16]}  Kh7 {[%clk 0:02:10]} 43. Kf6 {[%clk 0:00:16]}  d4 {[%clk 0:02:05]} 44. Bxd4 {[%clk 0:00:15]}  c5 {[%clk 0:02:06]} 45. bxc5 {[%clk 0:00:14]}  Kg8 {[%clk 0:02:06]} 46. c6 {[%clk 0:00:14]}  Kh7 {[%clk 0:02:07]} 47. c7 {[%clk 0:00:14]}  Kg8 {[%clk 0:02:07]} 48. c8=Q+ {[%clk 0:00:14]}  Kh7 {[%clk 0:02:08]} 49. Qd7+ {[%clk 0:00:14]}  Kh8 {[%clk 0:02:08]} 50. Qg7# {[%clk 0:00:14]} 1-0

[Event "April 9 Early 2024"]
[Site "Chess.com"]
[Date "2024.04.09"]
[Round "11"]
[White "Montano Vicente, Guadalupe"]
[Black "Todev, Simeon"]
[Result "0-1"]
[Board "145"]
[WhiteFideId "5181399"]
[BlackFideId "2925133"]
[BlackTitle "CM"]
[WhiteElo "2299"]
[BlackElo "2479"]
[WhiteTeam "MEX"]
[BlackTeam "BUL"]
[WhiteClock "0:00:09"]
[BlackClock "0:00:17"]
[Variant "Standard"]

1. d4 {[%clk 0:03:00]}  d5 {[%clk 0:02:49]} 2. c4 {[%clk 0:03:00]}  c5 {[%clk 0:02:48]} 3. cxd5 {[%clk 0:02:50]}  Qxd5 {[%clk 0:02:47]} 4. Nf3 {[%clk 0:02:51]}  Nc6 {[%clk 0:02:46]} 5. Nc3 {[%clk 0:02:51]}  Qh5 {[%clk 0:02:44]} 6. dxc5 {[%clk 0:02:42]}  Qf5 {[%clk 0:02:26]} 7. e4 {[%clk 0:02:30]}  Qxc5 {[%clk 0:02:18]} 8. Be3 {[%clk 0:02:29]}  Qa5 {[%clk 0:02:14]} 9. Be2 {[%clk 0:02:23]}  e6 {[%clk 0:02:13]} 10. O-O {[%clk 0:02:22]}  Bb4 {[%clk 0:02:11]} 11. Nb5 {[%clk 0:02:20]}  a6 {[%clk 0:02:06]} 12. Nd6+ {[%clk 0:02:05]}  Bxd6 {[%clk 0:02:01]} 13. Qxd6 {[%clk 0:02:06]}  Nge7 {[%clk 0:01:57]} 14. a3 {[%clk 0:01:38]}  O-O {[%clk 0:01:54]} 15. b4 {[%clk 0:01:38]}  Qd8 {[%clk 0:01:45]} 16. Rfd1 {[%clk 0:01:38]}  Ng6 {[%clk 0:01:37]} 17. Qc5 {[%clk 0:01:14]}  Qc7 {[%clk 0:01:28]} 18. a4 {[%clk 0:01:06]}  Qb8 {[%clk 0:00:29]} 19. b5 {[%clk 0:01:03]}  axb5 {[%clk 0:00:30]} 20. axb5 {[%clk 0:01:03]}  Rxa1 {[%clk 0:00:31]} 21. Rxa1 {[%clk 0:01:01]}  Nce7 {[%clk 0:00:30]} 22. Rd1 {[%clk 0:00:51]}  e5 {[%clk 0:00:21]} 23. Bg5 {[%clk 0:00:47]}  f6 {[%clk 0:00:18]} 24. Bc4+ {[%clk 0:00:45]}  Kh8 {[%clk 0:00:17]} 25. Be3 {[%clk 0:00:44]}  Bg4 {[%clk 0:00:17]} 26. Qd6 {[%clk 0:00:20]}  Qc8 {[%clk 0:00:15]} 27. Be2 {[%clk 0:00:18]}  Qc2 {[%clk 0:00:15]} 28. Rd2 {[%clk 0:00:16]}  Qb1+ {[%clk 0:00:12]} 29. Rd1 {[%clk 0:00:16]}  Qc2 {[%clk 0:00:10]} 30. Qd3 {[%clk 0:00:15]}  Qa2 {[%clk 0:00:05]} 31. h3 {[%clk 0:00:15]}  Be6 {[%clk 0:00:05]} 32. Bc5 {[%clk 0:00:14]}  Rc8 {[%clk 0:00:04]} 33. Bxe7 {[%clk 0:00:13]}  Nxe7 {[%clk 0:00:05]} 34. Qd6 {[%clk 0:00:13]}  Re8 {[%clk 0:00:03]} 35. Bf1 {[%clk 0:00:12]}  Bb3 {[%clk 0:00:03]} 36. Re1 {[%clk 0:00:12]}  Bc4 {[%clk 0:00:04]} 37. Bxc4 {[%clk 0:00:11]}  Qxc4 {[%clk 0:00:05]} 38. b6 {[%clk 0:00:11]}  Qc6 {[%clk 0:00:05]} 39. Qc7 {[%clk 0:00:11]}  Qxc7 {[%clk 0:00:03]} 40. bxc7 {[%clk 0:00:11]}  Rc8 {[%clk 0:00:04]} 41. Rc1 {[%clk 0:00:11]}  Kg8 {[%clk 0:00:04]} 42. Nd2 {[%clk 0:00:11]}  Nc6 {[%clk 0:00:04]} 43. Nc4 {[%clk 0:00:11]}  Rxc7 {[%clk 0:00:05]} 44. Nb6 {[%clk 0:00:11]}  Kf7 {[%clk 0:00:04]} 45. Rd1 {[%clk 0:00:11]}  Ke6 {[%clk 0:00:04]} 46. Nd5 {[%clk 0:00:10]}  Rd7 {[%clk 0:00:04]} 47. Rb1 {[%clk 0:00:11]}  Nd4 {[%clk 0:00:04]} 48. f3 {[%clk 0:00:11]}  Kf7 {[%clk 0:00:04]} 49. Rb6 {[%clk 0:00:11]}  Ne6 {[%clk 0:00:05]} 50. Kf2 {[%clk 0:00:12]}  Nc5 {[%clk 0:00:05]} 51. Rb5 {[%clk 0:00:12]}  Nd3+ {[%clk 0:00:05]} 52. Ke3 {[%clk 0:00:11]}  Ne1 {[%clk 0:00:04]} 53. g3 {[%clk 0:00:11]}  Nc2+ {[%clk 0:00:04]} 54. Ke2 {[%clk 0:00:10]}  Nd4+ {[%clk 0:00:04]} 55. Kd3 {[%clk 0:00:10]}  Nxb5 {[%clk 0:00:05]} 56. Kc4 {[%clk 0:00:11]}  Nc7 {[%clk 0:00:05]} 57. Nb6 {[%clk 0:00:11]}  Rd4+ {[%clk 0:00:06]} 58. Kc5 {[%clk 0:00:11]}  Ne6+ {[%clk 0:00:07]} 59. Kb5 {[%clk 0:00:10]}  Rd6 {[%clk 0:00:08]} 60. Nc4 {[%clk 0:00:11]}  Rc6 {[%clk 0:00:08]} 61. Ne3 {[%clk 0:00:10]}  Nd4+ {[%clk 0:00:09]} 62. Kb4 {[%clk 0:00:10]}  Nc2+ {[%clk 0:00:10]} 63. Nxc2 {[%clk 0:00:10]}  Rxc2 {[%clk 0:00:11]} 64. Kb5 {[%clk 0:00:09]}  Rf2 {[%clk 0:00:12]} 65. Kb6 {[%clk 0:00:09]}  Rxf3 {[%clk 0:00:12]} 66. Kxb7 {[%clk 0:00:10]}  Rxg3 {[%clk 0:00:13]} 67. Kc6 {[%clk 0:00:11]}  Re3 {[%clk 0:00:14]} 68. Kd5 {[%clk 0:00:11]}  Rd3+ {[%clk 0:00:14]} 69. Kc5 {[%clk 0:00:11]}  f5 {[%clk 0:00:15]} 70. exf5 {[%clk 0:00:11]}  e4 {[%clk 0:00:16]} 71. Kc4 {[%clk 0:00:11]}  Rd8 {[%clk 0:00:17]} 72. Kc3 {[%clk 0:00:09]}  e3 {[%clk 0:00:17]} 0-1

[Event "April 9 Early 2024"]
[Site "Chess.com"]
[Date "2024.04.10"]
[Round "11"]
[White "Da Silva, Giovanni B Tavares"]
[Black "Filindash, Nikita"]
[Result "1-0"]
[Board "147"]
[WhiteFideId "22743090"]
[BlackFideId "34159983"]
[BlackTitle "CM"]
[WhiteElo "2224"]
[BlackElo "2462"]
[WhiteTeam "BRA"]
[BlackTeam "CZE"]
[WhiteClock "0:01:25"]
[BlackClock "0:00:52"]
[Variant "Standard"]

1. e4 {[%clk 0:03:00]}  c5 {[%clk 0:03:00]} 2. Nf3 {[%clk 0:03:01]}  d6 {[%clk 0:03:00]} 3. Bb5+ {[%clk 0:03:01]}  Bd7 {[%clk 0:03:00]} 4. Bxd7+ {[%clk 0:03:02]}  Qxd7 {[%clk 0:03:01]} 5. O-O {[%clk 0:03:03]}  Nf6 {[%clk 0:02:59]} 6. Re1 {[%clk 0:03:04]}  Nc6 {[%clk 0:02:59]} 7. c3 {[%clk 0:03:04]}  e6 {[%clk 0:02:59]} 8. d4 {[%clk 0:03:05]}  cxd4 {[%clk 0:03:00]} 9. cxd4 {[%clk 0:03:05]}  d5 {[%clk 0:02:56]} 10. e5 {[%clk 0:03:03]}  Ne4 {[%clk 0:02:55]} 11. Nc3 {[%clk 0:03:02]}  Nxc3 {[%clk 0:02:53]} 12. bxc3 {[%clk 0:03:03]}  Be7 {[%clk 0:02:53]} 13. Qd3 {[%clk 0:03:02]}  O-O {[%clk 0:02:49]} 14. Ng5 {[%clk 0:02:55]}  Bxg5 {[%clk 0:02:44]} 15. Bxg5 {[%clk 0:02:52]}  Rac8 {[%clk 0:02:44]} 16. Re3 {[%clk 0:02:46]}  Ne7 {[%clk 0:02:36]} 17. Rg3 {[%clk 0:02:32]}  Ng6 {[%clk 0:02:19]} 18. h4 {[%clk 0:02:24]}  Ne7 {[%clk 0:02:04]} 19. h5 {[%clk 0:01:49]}  Nf5 {[%clk 0:02:04]} 20. Bf6 {[%clk 0:01:35]}  Kh8 {[%clk 0:01:39]} 21. Rxg7 {[%clk 0:01:28]}  Nxg7 {[%clk 0:01:07]} 22. Qg3 {[%clk 0:01:27]}  Rg8 {[%clk 0:01:07]} 23. h6 {[%clk 0:01:27]}  Qe8 {[%clk 0:00:52]} 24. hxg7+ {[%clk 0:01:25]} 1-0